Kálny és Mihályi...

Správa o tom, že v Humennom dňa 3.01.1914 sa uskutoční benefičné divadelné predstavenie. Výťažok sa venuje dvom hercom divadelnej spoločnosti Viliama Sajó t.j. Štefanovi Kalnému a Karolovi Mihályimu. Predvedú hru "Tengerész Kató" [Kata - námorník.]

Podrobná bibliografia
Médium: Článok
Jazyk:Hungarian
Témy:
Zdroj: 1. Homonna és Vidéke : Hetilap 1. Roč. 13, č. 53 (28.12.1913) s. 2
LEADER 00992nab#a2200301#ar4500
001 000072233
003 SVKKK
005 20020512xxxxxxx.
008 06 c xo huno
FMT
038 |a SVKKK 
040 |a SVKKK  |b slo  |e AACR2 
041 0 |a hun 
044 |a xo  |c SK 
080 |a 792 
242 1 0 |a Kalného a Mihályiho... 
245 0 0 |a Kálny és Mihályi... 
500 |a mikrofilm 
520 2 |a Správa o tom, že v Humennom dňa 3.01.1914 sa uskutoční benefičné divadelné predstavenie. Výťažok sa venuje dvom hercom divadelnej spoločnosti Viliama Sajó t.j. Štefanovi Kalnému a Karolovi Mihályimu. Predvedú hru "Tengerész Kató" [Kata - námorník.] 
650 0 4 |a predstavenie divadelné - benefičné - Humenné - 3.01.1914 - správy 
773 0 |t Homonna és Vidéke : Hetilap  |g Roč. 13, č. 53 (28.12.1913) s. 2 
957 |a Humenné 
958 |a DG 
958 |a SK 
974 |a Ba  |d 20020512 
992 |a RBX 
BAS
998 |a RETRO